|
|
|
|
| LEADER |
01802nam a22002657i 4500 |
| 003 |
GR-PaULI |
| 005 |
20210417004549.0 |
| 008 |
170202s2010 gr ||||f |||| 00| 0 gre d |
| 952 |
|
|
|0 0
|1 0
|2 ddc
|4 0
|6 338_100000000000000_ΑΝΤ
|7 0
|9 209483
|a LISA
|b LISA
|c BSC
|d 2017-02-02
|i 12323
|l 0
|o 338.1 ΑΝΤ
|p 026000302175
|r 2017-02-02 00:00:00
|t 1
|w 2017-02-02
|y BK15
|
| 999 |
|
|
|c 127493
|d 127493
|
| 020 |
|
|
|a 9789606865268
|
| 040 |
|
|
|a GR-PaULI
|b gre
|c GR-PaULI
|d GR-AiPI
|e AACR2
|
| 082 |
|
|
|a 338.1
|2 23
|
| 111 |
|
|
|9 160312
|a Πανελλήνιο Συνέδριο Αγροτικής Οικονομίας
|n (10ο :
|d 2008 :
|c Θεσσαλονίκη, Ελλάδα)
|
| 245 |
|
|
|a Ανταγωνιστικότητα, περιβάλλον, ποιότητα ζωής και αγροτική ανάπτυξη :
|b πρακτικά του 10ου Πανελληνίου Συνεδρίου Αγροτικής Οικονομίας, Πανεπιστήμιο Μακεδονίας, Θεσσαλονίκη, Νοέμβριος 27-29, 2008 /
|c επιμέλεια έκδοσης Γεώργιος Σιάρδος, Αναστάσιος Μιχαηλίδης.
|
| 260 |
|
|
|a Θεσσαλονίκη :
|b Γράφημα,
|c 2010.
|
| 300 |
|
|
|a 739 σ. :
|b πίν. ;
|c 24 εκ.
|
| 504 |
|
|
|6 Περιλαμβάνει βιβλιογραφικές παραπομπές.
|
| 650 |
|
4 |
|a Αγροτική ανάπτυξη
|9 1865
|
| 650 |
|
4 |
|a Γεωργία
|x Οικονομικές απόψεις
|z Ελλάδα
|v Συνέδρια
|9 17199
|
| 700 |
1 |
|
|a Σιάρδος, Γεώργιος Κ.
|d 1938-
|e επιμελητής
|9 92887
|
| 700 |
1 |
|
|9 159650
|a Μιχαηλίδης, Αναστάσιος
|e επιμελητής
|
| 710 |
|
2 |
|9 14400
|a Εταιρεία Αγροτικής Οικονομίας
|e οργανωτής
|
| 942 |
|
|
|2 ddc
|c BK15
|
| 998 |
|
|
|c ΜΙΧΟΣΤΑΥΡΟΥ
|d 2017-02
|